| 000 | 00636nam a2200229Ia 4500 | ||
|---|---|---|---|
| 008 | 131103s9999 xx 000 0 und d | ||
| 020 | _a063115600 3 | ||
| 040 | _aLoreto College | ||
| 041 | _aEnglish | ||
| 082 |
_a822.4/CON _b#NAME? |
||
| 100 | _aLove,Harold | ||
| 245 |
_aCongreve _cHarold Love |
||
| 260 |
_aOxford _bBasil Blackwell _c1974 |
||
| 300 |
_avii,131 p. _c 22 cm. |
||
| 440 | _aPlay and Playwrights Series | ||
| 504 | _aIncludes bibliographical references and index | ||
| 650 | _aEnglish Drama | ||
| 651 | _aCongreve,William - Works | ||
| 700 | _aRichard, Kenneth,series ed. | ||
| 850 | _aLCLIB | ||
| 942 | _cBK | ||
| 999 |
_c4180 _d54659 |
||